Представление документа в формате MARC21

Поле Инд. ПП Название Значение
Тип записи a
Библиографический уровень b
001 Контрольный номер aebef4a9457a485a9c695a9ed89239db
005 Дата корректировки 20211123102704.7
040 a Служба первич. каталог. РИНЦ
041 0_ a Код языка текста rus
097 a Ануфриева Г.Ю.
100 1_ a Автор Аверясова Ю. О.
100 1_ q Полное имя Зарубина Мария Сергеевна
a Автор Зарубина М. С.
c Титул (звания) Преподаватель с и.о. заведующего кафедрой физического воспитания
i 100096350
k Кафедра физического воспитания; Общеобразовательные кафедры
j Принадлежность неизвестного автора к последователям, ученикам, сторонникам, школе и т. д. государственный университет "Дубна"
100 1_ a Автор Ганкевич А. Д.
100 1_ a Автор Андрющенко Л. Б.
100 1_ a Автор Филиппова А. Г.
245 10 a Заглавие Формирование информационной базы данных готовности у высококвалифицированных баскетболистов к соревновательной деятельности
773 18 t Название источника Международный журнал. Устойчивое развитие: наука и практика
b Сведения об издании Университет "Дубна"
c Дубна
d Место и дата издания 2019
m Специф. данные ненулевой импакт-фактор
o Прочие индексы РИНЦ 0,016
x ISSN 2076-1163
g Прочая информация № S (22). - С. 1 - 15
w Контрольный № источника 8ad405b0ae724be48840ac958d57b728
856 40 u URL https://www.elibrary.ru/item.asp?id=36981805
901 t Тип документа b
952 c Вид литературы статья в журнале